Normal view
MARC view
Entry Personal Name
001 - CONTROL NUMBER
- control field: 57707
003 - CONTROL NUMBER IDENTIFIER
- control field: dpl
005 - DATE AND TIME OF LATEST TRANSACTION
- control field: 20231005165920.0
008 - FIXED-LENGTH DATA ELEMENTS
- fixed length control field: 231005|| aca||aabn | a|a d
040 ## - CATALOGING SOURCE
- Original cataloging agency: dpl
- Transcribing agency: dpl
100 ## - HEADING--PERSONAL NAME
- Personal name: शर्मा, गोविन्द
670 ## - SOURCE DATA FOUND
- Source citation: Work cat.: (dpl)198714: शर्मा, गोविन्द , दादाजी की अंतरिक्ष-यात्रा /, 2022
